Parameter Estimation and Inverse Problems /
Contenido: 1) Introducción; 2) Regresión lineal; 3) Deficiencia de rango y Condicionante-III; 4) Regularización Tikhonov; 5) Discretización de problemas inversos usando funciones básicas; 6) Métodos iterativos; 7) Regularización de la escasez y técnicas de variación total; 8) Técnicas Fourier; 9) Re...
Salvato in:
| Autore principale: | |
|---|---|
| Altri autori: | , |
| Natura: | Libro |
| Lingua: | inglese |
| Pubblicazione: |
Cambridge, EUA :
Elsevier,
2019, c2019
|
| Edizione: | 3a edición |
| Soggetti: | |
| Tags: |
Nessun Tag, puoi essere il primo ad aggiungerne!!
|
MARC
| LEADER | 00000nam^a2200000^a^4500 | ||
|---|---|---|---|
| 001 | 000418621 | ||
| 005 | 20250521000000.0 | ||
| 009 | 20260310122421.436 | ||
| 020 | |a 978-0-12-804651-7 | ||
| 037 | |a Acervo ITESO - Biblioteca | ||
| 041 | |a ING | ||
| 082 | |a 515. 35 |b AST | ||
| 100 | |a Aster, Richard C. |e (autor) | ||
| 245 | 1 | 0 | |a Parameter Estimation and Inverse Problems / |c R.C. Aster, B. Borchers, C.H. Thurber. |
| 250 | |a 3a edición | ||
| 264 | 4 | |a Cambridge, EUA : |b Elsevier, |c 2019, c2019 | |
| 300 | |a XI, 392 p. | ||
| 336 | |a texto |b txt |2 rdacontenido | ||
| 337 | |a sin mediación |b n |2 rdamedio | ||
| 338 | |a volumen |b nc |2 rdasoporte | ||
| 520 | |a Contenido: 1) Introducción; 2) Regresión lineal; 3) Deficiencia de rango y Condicionante-III; 4) Regularización Tikhonov; 5) Discretización de problemas inversos usando funciones básicas; 6) Métodos iterativos; 7) Regularización de la escasez y técnicas de variación total; 8) Técnicas Fourier; 9) Regresión no lineal; 10) Problemas inversos no lineales; 11) Métodos bayesianos; 12) Epílogo. | ||
| 521 | |a 2020 BO Licenciatura en Ingeniería y Ciencia de Datos | ||
| 649 | |a XX | ||
| 650 | |a Métodos Iterativos (Matemáticas) | ||
| 650 | |a Análisis de Fourier | ||
| 650 | |a Estadística Bayesiana | ||
| 650 | |a Ecuaciones Diferenciales No Lineales | ||
| 650 | |a Ecuaciones Diferenciales - |x Tema Principal | ||
| 650 | |a Cálculo | ||
| 650 | |a Matemáticas | ||
| 700 | |a Borchers, Brian |e (autor) | ||
| 700 | |a Thurber, Clifford H. |e (autor) | ||
| 910 | |a Fondo General | ||
| 920 | |a Impresos - Libros | ||
| 930 | |a Colección General | ||
| 905 | |a 101 | ||
| 901 | |a 0500329050 |b IT1 |c ACC |i C172251 |u 20250521 | ||
| 901 | |a 0500329049 |b IT1 |c ACC |i C172250 |u 20250521 | ||
| 902 | |a https://opac.biblio.iteso.mx/vufind/Record/000418621 | ||